Visualizzazione normale
Vista MARC
- Demetrio Cydones,
di Personal Name
Records bibliografici associati: 3
001 - CONTROL NUMBER
- control field: 33720
003 - CONTROL NUMBER IDENTIFIER
- control field: IT-RoINE
005 - DATE AND TIME OF LATEST TRANSACTION
- control field: 20180315063055.0
008 - FIXED-LENGTH DATA ELEMENTS
- fixed length control field: 170414|| aca||aabn | a|a d
040 ## - CATALOGING SOURCE
- Original cataloging agency: IT-RoINE
- Transcribing agency: IT-RoINE
100 0# - HEADING--PERSONAL NAME
- Personal name: Demetrio Cydones,
- Dates associated with a name: ca. 1324-ca. 1384
400 0# - SEE FROM TRACING--PERSONAL NAME
- Personal name: Demetrius Cydonius,
- Dates associated with a name: ca. 1324-ca. 1384
400 1# - SEE FROM TRACING--PERSONAL NAME
- Personal name: Cydonius, Demetrius,
- Dates associated with a name: ca. 1324-ca. 1384
400 1# - SEE FROM TRACING--PERSONAL NAME
- Personal name: Cidone, Demetrio,
- Dates associated with a name: ca. 1324-ca. 1384
400 0# - SEE FROM TRACING--PERSONAL NAME
- Personal name: Demetrius Thessalonicensis,
- Dates associated with a name: ca. 1324-ca. 1384
670 ## - SOURCE DATA FOUND
- Source citation: Work cat.: (IT-RoINE)0: Demetrio Cydones, ca. 1324-ca. 1384, Les recueils de lettres de Démétrius Cydonès /, 1987.